| 000 | 00387nam a2200133Ia 4500 | ||
|---|---|---|---|
| 008 | 210430s9999 xx 000 0 und d | ||
| 020 | _a978-81-203-4018-3 | ||
| 082 | _a660.015182 A287I | ||
| 100 |
_aPradeep Ahuja _954142 |
||
| 245 |
_aIntroduction to Numerical Methods in Chemical Engineering / _cPradeep Ahuja |
||
| 260 |
_aNew Delhi _bPHI _c2010 |
||
| 300 | _a289P | ||
| 942 |
_cBK _2ddc |
||
| 999 |
_c564905 _d564905 |
||